Správa o Veci Makropulos Premiéra v prešovskom Ukrajisnkom národnom divadle

Bibliographic Details
Format: Article
Language:Slovak
PhysicalDescription:Obr. 1.
Subjects:

MARC

LEADER 00000nab a2200000 a 4500
001 vtls000186127
003 SK-MaSNL
005 20260304182216.0
008 040806c1984 xo 0 slo
015 |a SNBRB19rr/mm-uuuuu 
035 |a CL0196240 
040 |a SNKBUCL  |b slo  |c SNKBUCL  |e AACR2 
041 0 |a slo 
044 |a xo  |c SK 
080 |a 792.2  |2 1981 
245 0 0 |a Správa o Veci Makropulos  |b Premiéra v prešovskom Ukrajisnkom národnom divadle  |c (jr) 
300 |b Obr. 1. 
500 |a Réžia Ivan Ivančo 
600 1 7 |a Čapek, Karel,  |d 1890-1938  |t Vec Makropulos  |2 snkbucl  |9 357378 
610 2 7 |a Ukrajinské národné divadlo v Prešove  |2 snkbucl  |9 232422 
650 0 7 |a činohry  |2 snkbucl  |9 3325 
655 7 |a recenzie  |2 snkbucl  |9 21907 
655 7 |a články z novín a časopisov  |2 snkbucl  |9 267496 
773 0 |t Východoslovenské noviny  |g Roč. 33, č. 146 (22. 6. 1984), s. 4 
850 |a Slovenská národná knižnica v Martine  |a MTA001 
852 |a SNK  |b KIS3GCP 
999 |c 3028124  |d 3030054